000 00957nam a2200265 i 4500
001 148667
003 ES-MaACL
005 20230906202744.0
007 t|
008 070214s1967 sp r ||||1| spa d
080 _a331.4:331.116(460)
080 _a331.3:331.116(460)
100 1 _aSuárez González, Fernando.
_9108627
245 1 0 _aMenores y mujeres ante el contrato de trabajo /
_cFernando Suárez González ; prólogo de Gaspar Bayón Chacón.
260 _aMadrid :
_bInstituto de Estudios Políticos,
_c1967.
300 _a287 p. ;
_c21 cm.
490 1 _aEstudios de trabajo y previsión ;
_v18
650 4 _aMujeres-
_xTrabajo-
_zEspaña-
_yS.XX.
_915321
650 4 _aNiños-
_xTrabajo-
_zEspaña.
_9148840
700 1 _aBayón Chacón, Gaspar.
_926713
710 2 _aInstituto de Estudios Políticos (Madrid)
_94924
830 1 _aEstudios de trabajo y previsión ;
_v18
_9181877
852 4 _aES-MaACL
_jC-32442
999 _c148667
_d148667